Urban renewal; an interdisciplinary symposium [jointly organized by the Institute for Planning and Development and others]
Saved in:
| Corporate Author: | |
|---|---|
| Other Authors: | |
| Format: | Book |
| Language: | English |
| Published: |
Tel Aviv,
Institute for Planning and Development
[pref. 1968]
|
| Subjects: | |
| Tags: |
Add Tag
No Tags, Be the first to tag this record!
|
| LEADER | 00870nam a22002411 4500 | ||
|---|---|---|---|
| 001 | 005393602-7 | ||
| 005 | 20020606163548.3 | ||
| 008 | 901010s1968 is b b 000 0 eng | ||
| 010 | |a 76951838 //r90 | ||
| 020 | |c IL17.50 | ||
| 035 | 0 | |a ocm01512673 | |
| 040 | |a DLC |c DLC |d HLS | ||
| 050 | 0 | 0 | |a HT178.I7 |b U73 |
| 245 | 0 | 0 | |a Urban renewal; |b an interdisciplinary symposium [jointly organized by the Institute for Planning and Development and others] |c Editor: Dan Soen. |
| 260 | |a Tel Aviv, |b Institute for Planning and Development |c [pref. 1968] | ||
| 300 | |a 259 p. |b maps. |c 27 cm. | ||
| 500 | |a "Translation from the original Hebrew in which all these papers were delivered." | ||
| 504 | |a Includes bibliographies. | ||
| 650 | 0 | |a Urban renewal |z Israel |x Congresses. | |
| 700 | 1 | |a Soen, Dan. | |
| 710 | 2 | |a Makhon le-tikhnun u-fituaḥ (Israel) | |
| 988 | |a 20020608 | ||
| 906 | |0 DLC | ||


